| 000 -LEADER |
| fixed length control field |
00599nam a2200169Ia 4500 |
| 020 ## - INTERNATIONAL STANDARD BOOK NUMBER |
| ISBN |
0675028981 (teacher's ed.) |
| 040 ## - CATALOGING SOURCE |
| Transcribing agency |
OKN |
| 082 ## - DEWEY DECIMAL CLASSIFICATION NUMBER |
| Classification number |
323 MER 1990 A108 Or. |
| 245 00 - TITLE STATEMENT |
| Title |
Civics, citizens in action / |
| 260 0# - PUBLICATION, DISTRIBUTION, ETC. (IMPRINT) |
| Place of publication |
Columbus, Ohio : |
| Name of publisher |
Merrill Pub. Co., |
| Year of publication |
c1990 |
| 300 ## - PHYSICAL DESCRIPTION |
| Number of Pages |
xiv, 610 p. : |
| Other physical details |
ill. (some col.), col. maps ; |
| Dimensions |
24 cm. + |
| Accompanying material |
1 activity book + 1 teacher's annotated ed. + 1 activity book, teacher's annotated ed. + 1 teacher resource book |
| 650 #0 - SUBJECT ADDED ENTRY--TOPICAL TERM |
| Topical Term |
Political science |
| 650 #0 - SUBJECT ADDED ENTRY--TOPICAL TERM |
| Topical Term |
Civics |
| 700 10 - ADDED ENTRY--PERSONAL NAME |
| Personal name |
Turner, Mary Jane, |
| 710 20 - ADDED ENTRY--CORPORATE NAME |
| Corporate name or jurisdiction name as entry element |
Merrill Publishing Company |
| 942 ## - ADDED ENTRY ELEMENTS (KOHA) |
| Koha item type |
សៀវភៅភាសាអង់គ្លេស |
| 952 ## - LOCATION AND ITEM INFORMATION (KOHA) |
| Withdrawn status [LOCAL, KOHA] |
0 |